header

Crop-soil simulation models (Record no. 248218)

MARC details
000 -LEADER
fixed length control field 01486nam a22003614a 4500
082 04 - DEWEY DECIMAL CLASSIFICATION NUMBER
Classification number 630/.1/13
245 00 - TITLE STATEMENT
Title Crop-soil simulation models
260 ## - PUBLICATION, DISTRIBUTION, ETC. (IMPRINT)
Place of publication Wallingford, Oxon, UK ;
-- New York, NY, USA :
Name of publisher CABI Pub.,
Year of publication c2002.
300 ## - PHYSICAL DESCRIPTION
Number of Pages xiv, 277 p. :
Other physical details ill.
650 #0 - SUBJECT ADDED ENTRY--TOPICAL TERM
Topical Term Crops and soils
Topical Term Crops
Topical Term Soils
Topical Term Crops and soils
Topical Term Crops
Topical Term Soils
700 1# - ADDED ENTRY--PERSONAL NAME
Personal name Matthews, Robin B.
Personal name Stephens, William,
856 40 - ELECTRONIC LOCATION AND ACCESS
Uniform Resource Identifier http://site.ebrary.com/lib/rucke/Doc?id=10173498

No items available.

© 2026 Rongo University
Contact us: librarian | system librarian | Rongo university